000 00574nam a2200241Ia 4500
003 OSt
005 20221005122600.0
006 a|||||r|||| 00| 0
007 ta
008 221004b |||||||| |||| 00| 0 tam d
024 _a50355
037 _cTextual
040 _aCRL
_cCRL
_btam
041 _2tam
_atam
082 _aO31,3NEL,3, J9
100 _aEllarvi
_9625423
245 0 _aKaleer kaleer
260 _c1959
300 _a95
_ccm.
650 _aTAMIL FICTION
942 _hO31,3NEL,3, J9
_cTEXL
_2cc
999 _c1044713
_d1044713